[Event "Online Olym Div4 A"]
[Site "Chess.com INT"]
[Date "2020.08.02"]
[Round "8.1"]
[White "Yoosuf, Waseem Ahmed"]
[Black "Charles, Cleophas"]
[Result "1-0"]
[WhiteElo "1177"]
[BlackElo "1569"]
[PlyCount "109"]
[EventDate "2020.07.31"]
[EventType "team-tourn (rapid)"]
[EventRounds "9"]
[EventCountry "USA"]
[SourceTitle "CBM 198"]
[Source "ChessBase"]
[SourceDate "2020.10.31"]
[SourceVersion "1"]
[SourceVersionDate "2020.10.31"]
[SourceQuality "1"]
[WhiteTeam "Maldives"]
[BlackTeam "Tanzania"]
[WhiteTeamCountry "MDV"]
[BlackTeamCountry "TAN"]

1. e4 e5 2. Nf3 Nc6 3. d4 exd4 4. Bc4 Nf6 5. 0-0 Be7 6. Re1 0-0 7. Nxd4 Nxd4 8. Qxd4 d6 9. Nc3 Be6 10. Bxe6 fxe6 11. e5 Nd5 12. Nxd5 exd5 13. Qxd5+ Kh8 14. Qxb7 dxe5 15. Qe4 Bd6 16. Bd2 Qf6 17. Re2 Rab8 18. Bc3 Rfe8 19. Rae1 h6 20. Qe3 a6 21. Qg3 Rbd8 22. f4 Qe7 23. Bxe5 Bxe5 24. Rxe5 Qf8 25. Qe3 Rxe5 26. Qxe5 Qb4 27. c3 Qb6+ 28. Kf1 Rd2 29. Qe8+ Kh7 30. Qe4+ Qg6 31. Qxg6+ Kxg6 32. Re2 Rd1+ 33. Kf2 Kf6 34. g3 Rd6 35. Kf3 g6 36. Ke3 Kf5 37. Rd2 Rxd2 38. Kxd2 Kg4 39. Ke3 Kh3 40. Kf3 Kxh2 41. b4 Kh3 42. a4 g5 43. fxg5 hxg5 44. c4 g4+ 45. Kf4 c6 46. b5 cxb5 47. cxb5 axb5 48. axb5 Kg2 49. Kxg4 Kf2 50. b6 Kg2 51. b7 Kh2 52. b8Q Kg2 53. Qb2+ Kg1 54. Kf3 Kh1 55. Qg2# 1-0